[Event "21st Abu Dhabi Masters 2014"]
[Site "Abu Dhabi UAE"]
[Date "2014.08.28"]
[Round "9.4"]
[White "Burmakin, Vladimir"]
[Black "Volkov, Sergey"]
[Result "1/2-1/2"]
[WhiteTitle "GM"]
[BlackTitle "GM"]
[WhiteElo "2593"]
[BlackElo "2583"]
[WhiteFideId "4105109"]
[BlackFideId "4122763"]
[EventDate "2014.08.20"]

1. d4 d5 2. c4 c6 3. Nf3 Nf6 4. e3 Bf5 5. Nc3 e6 6. Nh4 Bg6 7. Nxg6 hxg6 8. g3
Nbd7 9. Bd2 Bd6 10. Qb3 Rb8 11. Bg2 O-O 12. O-O b5 13. c5 Bc7 14. f4 b4 15. Nd1
Qc8 16. a3 bxa3 17. Qxa3 Rb7 18. Qa4 Nb8 19. b4 a6 20. Re1 Ne4 21. Bxe4 dxe4 22.
Nc3 f5 23. h4 Bd8 24. Kg2 Rff7 25. Qa2 Ra7 26. Qc4 Rfb7 27. Ra4 Kf7 28. Rh1 Qd7
29. Rha1 Qe8 30. Qe2 Qh8 31. Rh1 Qh5 32. g4 fxg4 33. Nxe4 Qd5 34. Qd3 Kg8 35.
Kg3 a5 36. Kxg4 axb4 37. Rxa7 Rxa7 38. Ng3 Ra3 39. Qxg6 Nd7 40. Kh3 Ra2 41. Rh2
b3 42. h5 Nf8 43. Qd3 Rc2 44. Bc3 Rxh2+ 45. Kxh2 Bh4 46. e4 Bxg3+ 47. Kxg3 Qxh5
48. f5 Nh7 49. fxe6 Qg6+ 50. Kf2 Ng5 51. Ke3 Nxe6 52. Qc4 Kh7 53. Qxb3 Qg3+ 54.
Kd2 Qf4+ 55. Kd1 Qf3+ 56. Kd2 Nxd4 57. Qc4 Qf2+ 58. Kd3 Nf3 59. Qe6 Qf1+ 1/2-1/2

[Event "21st Abu Dhabi Masters 2014"]
[Site "Abu Dhabi UAE"]
[Date "2014.08.28"]
[Round "9.5"]
[White "Iordachescu, Viorel"]
[Black "Shyam, Sundar M."]
[Result "1-0"]
[WhiteTitle "GM"]
[BlackTitle "GM"]
[WhiteElo "2589"]
[BlackElo "2468"]
[WhiteFideId "13900200"]
[BlackFideId "5019141"]
[EventDate "2014.08.20"]

1. e4 c6 2. d4 d5 3. e5 Bf5 4. Nf3 e6 5. Be2 Ne7 6. c3 Nc8 7. O-O Be7 8. Be3 Nd7
9. Ne1 Bg6 10. Nd3 Ncb6 11. Nd2 Qc7 12. a4 a6 13. Nf4 c5 14. a5 Nc8 15. c4 dxc4
16. Nxc4 O-O 17. Rc1 b5 18. axb6 Ndxb6 19. Nd2 a5 20. Nb3 c4 21. Nd2 Nd5 22.
Nxc4 Nxe3 23. fxe3 Qb8 24. Bf3 Ra7 25. Qd2 a4 26. Qf2 Bg5 27. Nxg6 hxg6 28. h4
Be7 29. h5 g5 30. Be4 Nb6 31. Bb1 Nxc4 32. Rxc4 f5 33. exf6 Rxf6 34. Qc2 Rxf1+
35. Kxf1 Qb5 36. Kg1 Bf6 37. Rc8+ Kf7 38. h6 1-0

[Event "21st Abu Dhabi Masters 2014"]
[Site "Abu Dhabi UAE"]
[Date "2014.08.28"]
[Round "9.6"]
[White "Areshchenko, Alexander"]
[Black "Kryvoruchko, Yuriy"]
[Result "1/2-1/2"]
[WhiteTitle "GM"]
[BlackTitle "GM"]
[WhiteElo "2684"]
[BlackElo "2708"]
[WhiteFideId "14109530"]
[BlackFideId "14109182"]
[EventDate "2014.08.20"]

1. e4 e5 2. Nf3 Nc6 3. Bb5 Nf6 4. O-O Nxe4 5. Re1 Nd6 6. Nxe5 Be7 7. Bf1 Nxe5 8.
Rxe5 O-O 9. Nc3 Ne8 10. Nd5 Bd6 11. Re1 c6 12. Ne3 Bc7 13. Nf5 d5 14. Ne7+ Kh8
15. Nxc8 Rxc8 16. d4 Nf6 17. g3 Qd7 18. c3 Rce8 19. Be3 Ng4 20. Qf3 Nxe3 21.
Rxe3 Rxe3 22. Qxe3 Re8 23. Bh3 Qd8 24. Qd2 g6 25. Re1 Kg7 26. Rxe8 Qxe8 27. Bf1
f5 28. f4 Bd6 29. Bd3 Qe7 30. Qe2 Qxe2 31. Bxe2 1/2-1/2

[Event "21st Abu Dhabi Masters 2014"]
[Site "Abu Dhabi UAE"]
[Date "2014.08.28"]
[Round "9.7"]
[White "Parligras, Mircea-Emilian"]
[Black "Wang, Hao"]
[Result "1/2-1/2"]
[WhiteTitle "GM"]
[BlackTitle "GM"]
[WhiteElo "2574"]
[BlackElo "2730"]
[WhiteFideId "1204297"]
[BlackFideId "8602883"]
[EventDate "2014.08.20"]

1. d4 f5 2. g3 Nf6 3. Bg2 g6 4. c4 Bg7 5. Nc3 d6 6. Nf3 O-O 7. O-O Qe8 8. Re1
Qf7 9. Ng5 Qxc4 10. e4 fxe4 11. Ngxe4 Nxe4 12. Rxe4 Qf7 13. Rf4 Bf6 14. Nd5 Na6
15. h4 c6 16. Nxf6+ exf6 17. d5 c5 18. a3 Nb8 19. b4 b6 20. Re4 Bf5 21. Re6 Nc6
22. Rxd6 Nd4 23. Bh6 Rfe8 24. bxc5 bxc5 25. Be3 Rxe3 26. fxe3 Qe7 27. exd4 Qxd6
28. dxc5 Qxc5+ 29. Kh2 Qd6 30. Rc1 Bd7 1/2-1/2

[Event "21st Abu Dhabi Masters 2014"]
[Site "Abu Dhabi UAE"]
[Date "2014.08.28"]
[Round "9.8"]
[White "Istratescu, Andrei"]
[Black "Ghosh, Diptayan"]
[Result "1/2-1/2"]
[WhiteTitle "GM"]
[BlackTitle "IM"]
[WhiteElo "2656"]
[BlackElo "2473"]
[WhiteFideId "1200372"]
[BlackFideId "5045207"]
[EventDate "2014.08.20"]

1. e4 e5 2. Nf3 Nc6 3. Bb5 a6 4. Ba4 Nf6 5. O-O Be7 6. Re1 b5 7. Bb3 d6 8. c3
O-O 9. h3 Nb8 10. d4 Nbd7 11. Nbd2 Bb7 12. Bc2 Re8 13. Nf1 Bf8 14. Ng3 g6 15. b3
c6 16. a4 1/2-1/2

[Event "21st Abu Dhabi Masters 2014"]
[Site "Abu Dhabi UAE"]
[Date "2014.08.28"]
[Round "9.9"]
[White "Horvath, Adam1"]
[Black "Gupta, Abhijeet"]
[Result "0-1"]
[WhiteTitle "GM"]
[BlackTitle "GM"]
[WhiteElo "2536"]
[BlackElo "2638"]
[WhiteFideId "708003"]
[BlackFideId "5010608"]
[EventDate "2014.08.20"]

1. e4 e6 2. d4 d5 3. Nc3 Nf6 4. Bg5 dxe4 5. Nxe4 Be7 6. Bxf6 gxf6 7. Nf3 f5 8.
Ned2 c5 9. dxc5 Qa5 10. g3 Qxc5 11. Bg2 Qb5 12. Qc1 Bf6 13. Rb1 Bd7 14. c4 Qa4
15. O-O Qxa2 16. c5 O-O 17. b4 a5 18. b5 a4 19. Nc4 a3 0-1

[Event "21st Abu Dhabi Masters 2014"]
[Site "Abu Dhabi UAE"]
[Date "2014.08.28"]
[Round "9.10"]
[White "Amin, Bassem"]
[Black "Vaibhav, Suri"]
[Result "0-1"]
[WhiteTitle "GM"]
[BlackTitle "GM"]
[WhiteElo "2627"]
[BlackElo "2521"]
[WhiteFideId "10601457"]
[BlackFideId "5045185"]
[EventDate "2014.08.20"]

1. Nf3 d5 2. g3 Bg4 3. Bg2 c6 4. b3 Nd7 5. Bb2 Ngf6 6. d3 e6 7. O-O Bd6 8. Nbd2
O-O 9. h3 Bh5 10. e4 Qc7 11. Qe1 e5 12. Nh4 Rfe8 13. Nf5 Bf8 14. Ne3 dxe4 15.
dxe4 Nc5 16. f3 Nfd7 17. a4 f6 18. Ndc4 Bf7 19. Rf2 Ne6 20. Bf1 Rad8 21. Rd1 Nd4
22. b4 Nb6 23. c3 Ne6 24. Nxb6 Rxd1 25. Qxd1 Qxb6 26. Nc4 Rd8 27. Qc2 Qc7 28.
Bc1 b6 29. Be3 Rd7 30. Rd2 Nd8 31. Qd1 Rxd2 32. Qxd2 Nb7 33. Qd3 0-1

[Event "21st Abu Dhabi Masters 2014"]
[Site "Abu Dhabi UAE"]
[Date "2014.08.28"]
[Round "9.11"]
[White "Rakhmanov, Aleksandr"]
[Black "Barnaure, Vlad-Victor"]
[Result "1-0"]
[WhiteTitle "GM"]
[BlackTitle "IM"]
[WhiteElo "2626"]
[BlackElo "2513"]
[WhiteFideId "4173708"]
[BlackFideId "1210610"]
[EventDate "2014.08.20"]

1. c4 e6 2. e4 c5 3. Nc3 Nc6 4. f4 Nd4 5. Nce2 Ne7 6. Nxd4 cxd4 7. Nf3 Nc6 8.
Bd3 Bd6 9. e5 Be7 10. Qe2 d5 11. cxd5 Qxd5 12. Be4 Qc5 13. d3 Bd7 14. Bd2 Qb6
15. O-O a5 16. Be1 Bc5 17. Rc1 Rc8 18. Ng5 g6 19. f5 Be7 20. Nxf7 exf5 21. Bd5
O-O 22. e6 Be8 23. Bg3 Rd8 24. Bb3 Rxf7 25. exf7+ Bxf7 26. Rxc6 1-0

[Event "21st Abu Dhabi Masters 2014"]
[Site "Abu Dhabi UAE"]
[Date "2014.08.28"]
[Round "9.12"]
[White "Abasov, Nijat"]
[Black "Ganguly, Surya Shekhar"]
[Result "0-1"]
[WhiteTitle "GM"]
[BlackTitle "GM"]
[WhiteElo "2527"]
[BlackElo "2614"]
[WhiteFideId "13402960"]
[BlackFideId "5002150"]
[EventDate "2014.08.20"]

1. d4 Nf6 2. c4 e6 3. Nc3 Bb4 4. Qc2 O-O 5. a3 Bxc3+ 6. Qxc3 d5 7. Bg5 c5 8.
cxd5 cxd4 9. Qxd4 Nc6 10. Qh4 Qa5+ 11. b4 Qxd5 12. Bxf6 gxf6 13. Rd1 Qb3 14.
Qg3+ Qxg3 15. hxg3 e5 16. e3 Be6 17. Nf3 Rfd8 18. Rxd8+ Rxd8 19. Rh4 Ne7 20. b5
Rc8 21. Kd2 Nf5 22. Ra4 Nd6 23. Ne1 b6 24. f3 Rd8 25. Kc3 Bd7 26. Rb4 Nf5 27.
Rg4+ Kf8 28. Bd3 Nxe3 29. Rh4 Ke7 30. Rxh7 Rc8+ 31. Kd2 Nc4+ 32. Bxc4 Rxc4 33.
Rh4 Bxb5 34. Nc2 Ke6 35. Rxc4 Bxc4 36. Ne3 Bb5 37. g4 Kd6 38. g3 Kc5 39. Kc3 Bd7
40. f4 b5 41. g5 fxg5 42. fxe5 a5 43. Nc2 Kd5 0-1

[Event "21st Abu Dhabi Masters 2014"]
[Site "Abu Dhabi UAE"]
[Date "2014.08.28"]
[Round "9.13"]
[White "Rajesh, V A V"]
[Black "Salem, A.R. Saleh"]
[Result "1-0"]
[WhiteTitle "IM"]
[BlackTitle "GM"]
[WhiteElo "2404"]
[BlackElo "2591"]
[WhiteFideId "5029317"]
[BlackFideId "9301348"]
[EventDate "2014.08.20"]

1. d4 Nf6 2. c4 c5 3. d5 b5 4. cxb5 a6 5. bxa6 g6 6. Nc3 Bg7 7. Nf3 O-O 8. e4
Qa5 9. Bd2 Bxa6 10. Bxa6 Qxa6 11. Qe2 e6 12. Be3 exd5 13. e5 d4 14. exf6 Bxf6
15. Qxa6 Rxa6 16. Bxd4 cxd4 17. Nd5 Bg7 18. Nb4 Re6+ 19. Kd2 d3 20. Kxd3 Rd6+
21. Kc2 Rc8+ 22. Kb1 Na6 23. a3 Rb6 24. Rc1 Rcb8 25. Rc2 Nxb4 26. axb4 Rxb4 27.
Ra2 Bf6 28. Rd2 h5 29. Ne1 Kg7 30. Nd3 R4b5 31. Nc1 R8b7 32. Nd3 g5 33. Ra4 Rd5
34. Rc4 Rdb5 35. Rc5 R5b6 36. Rd5 Kh6 37. Ne5 Bxe5 38. Rxe5 Kg6 39. Red5 f6 40.
Rd6 Rb5 41. R6d5 R5b6 42. Rd6 Rxd6 43. Rxd6 Kf5 44. Kc2 Ke5 45. Rd3 d5 46. Rb3
Rc7+ 47. Rc3 Rc4 48. Kd3 Rg4 49. g3 Rb4 50. Kc2 Rc4 51. Kd3 Rb4 52. Kc2 d4 53.
Rb3 Ra4 54. Kd3 Ra5 55. Rb4 Rd5 56. Rc4 g4 57. Rb4 f5 58. Rb8 Rd7 59. Rb5+ Kf6
60. b4 h4 61. Rc5 h3 62. b5 Ra7 63. b6 Ra3+ 64. Kxd4 Rb3 65. Rc6+ Kg5 66. Kc5
Rb2 67. Kd6 f4 68. Kc7 fxg3 69. fxg3 Rxh2 70. b7 Rb2 71. Rc5+ Kg6 72. b8=Q Rxb8
73. Kxb8 h2 74. Rc1 Kf5 75. Re1 1-0

[Event "21st Abu Dhabi Masters 2014"]
[Site "Abu Dhabi UAE"]
[Date "2014.08.28"]
[Round "9.14"]
[White "Pashikian, Arman"]
[Black "Karavade, Eesha"]
[Result "1/2-1/2"]
[WhiteTitle "GM"]
[BlackTitle "IM"]
[WhiteElo "2631"]
[BlackElo "2392"]
[WhiteFideId "13301578"]
[BlackFideId "5012600"]
[EventDate "2014.08.20"]

1. d4 Nf6 2. Nf3 e6 3. c4 b6 4. g3 Bb4+ 5. Bd2 c5 6. Bg2 Bb7 7. Bxb4 cxb4 8. O-O
O-O 9. Qd3 a5 10. Nbd2 d6 11. Rfd1 Qc7 12. Rac1 Nbd7 13. Nh4 Bxg2 14. Nxg2 Qb7
15. Ne3 Rfd8 16. a3 bxa3 17. bxa3 Rac8 18. Rb1 g6 19. Rb5 Re8 20. Rdb1 Qc6 21.
d5 Qc7 22. dxe6 Rxe6 23. g4 Rce8 24. Qd4 Ne4 25. Nd5 Qd8 26. Nf3 Nec5 27. Nxb6
Nxb6 28. Rxb6 Re4 29. Qxd6 Rxg4+ 30. Kf1 Qxd6 31. Rxd6 Rxc4 32. Rc6 Rc3 33. Rb5
Ne4 34. Rxc3 Nxc3 35. Rxa5 Nxe2 36. Re5 Rxe5 37. Nxe5 Nc3 38. Kg2 f6 1/2-1/2

[Event "21st Abu Dhabi Masters 2014"]
[Site "Abu Dhabi UAE"]
[Date "2014.08.28"]
[Round "9.15"]
[White "Ramnath Bhuvanesh, R"]
[Black "Sumets, Andrey"]
[Result "1/2-1/2"]
[WhiteTitle "IM"]
[BlackTitle "GM"]
[WhiteElo "2420"]
[BlackElo "2622"]
[WhiteFideId "5026598"]
[BlackFideId "14105500"]
[EventDate "2014.08.20"]

1. e4 c6 2. d4 d5 3. e5 Bf5 4. Nf3 e6 5. Be2 c5 6. Be3 cxd4 7. Nxd4 Ne7 8. O-O
Nbc6 9. Bb5 Bg6 10. c4 a6 11. Bxc6+ Nxc6 12. Nxc6 bxc6 13. Qa4 Qd7 14. Rd1 Be7
15. Nc3 Rd8 16. Qxa6 O-O 17. cxd5 cxd5 18. Qe2 Rb8 19. a4 Qc7 20. Bd4 Qa5 21.
Nb5 Rfc8 22. Bc3 Bb4 23. Bxb4 Qxb4 24. Qd2 Qb3 25. Rdc1 Rxc1+ 26. Qxc1 h6 27. h3
Bd3 28. Ra3 Qc4 29. Qd2 Bg6 30. Nd4 Ra8 31. a5 Qc7 32. b4 Qxe5 33. b5 Qd6 34.
Rb3 e5 35. Nc6 d4 36. Qb4 Qf6 37. Ne7+ Kh7 38. b6 Be4 39. Qc5 d3 40. Rb2 Qg5 41.
f3 d2 42. Qd6 Qe3+ 43. Kh2 Qf4+ 44. Kg1 Qe3+ 45. Kh2 1/2-1/2

[Event "21st Abu Dhabi Masters 2014"]
[Site "Abu Dhabi UAE"]
[Date "2014.08.28"]
[Round "9.16"]
[White "Mohammad, Samir"]
[Black "Ankit, R. Rajpara"]
[Result "0-1"]
[WhiteTitle "FM"]
[BlackTitle "GM"]
[WhiteElo "2369"]
[BlackElo "2509"]
[WhiteFideId "7600372"]
[BlackFideId "5023335"]
[EventDate "2014.08.20"]

1. d4 d5 2. c4 c6 3. Nf3 Nf6 4. Nc3 dxc4 5. a4 e6 6. e3 c5 7. Bxc4 Nc6 8. O-O
cxd4 9. exd4 Be7 10. Qe2 O-O 11. Rd1 Nd5 12. Bb3 Ncb4 13. Ne5 Bd7 14. Qg4 Nf6
15. Qg3 Bc6 16. Bh6 Ne8 17. Nxc6 bxc6 18. Bf4 Nd5 19. Be5 Qb6 20. Nxd5 cxd5 21.
a5 Qb4 22. Ba4 Nf6 23. a6 Rac8 24. Qb3 Qxb3 25. Bxb3 Nd7 26. Ba4 Nxe5 27. dxe5
Rc4 28. Bb5 Rb4 29. Bd3 Bc5 30. b3 Rxb3 31. Rac1 Bb6 32. Rc2 Bd4 33. Re2 Rc8 34.
g3 Bb6 35. Kg2 Rcc3 36. Red2 g5 37. Bf1 Bc7 38. f4 gxf4 39. gxf4 Rb4 40. Rd4
Rc2+ 41. Kg3 Rbb2 42. h3 Bb6 43. R4d3 h5 44. Kh4 Rf2 45. Kxh5 Rxf4 46. Rg3+ Kf8
47. Bd3 Rb3 48. Rc1 Bd8 0-1

[Event "21st Abu Dhabi Masters 2014"]
[Site "Abu Dhabi UAE"]
[Date "2014.08.28"]
[Round "9.17"]
[White "Rasulov, Vugar"]
[Black "Raetsky, Alexander"]
[Result "1-0"]
[WhiteTitle "GM"]
[BlackTitle "GM"]
[WhiteElo "2509"]
[BlackElo "2426"]
[WhiteFideId "13402390"]
[BlackFideId "4103203"]
[EventDate "2014.08.20"]

1. e4 e5 2. f4 exf4 3. Nf3 d6 4. Bc4 h6 5. O-O g5 6. d4 Bg7 7. c3 Nc6 8. g3 Bh3
9. Rf2 Nf6 10. gxf4 Qd7 11. d5 Ne7 12. Bd3 Qg4+ 13. Kh1 gxf4 14. Na3 Ng6 15. Nb5
Qd7 16. Ng1 Bg4 17. Qf1 Nh5 18. Nd4 O-O-O 19. Nc6 Ne5 20. Nxd8 Qxd8 21. Bxf4 Qh4
22. Be2 Rg8 23. Rg2 Bxe2 24. Nxe2 Ng6 25. Be3 Rf8 26. Qf5+ Kb8 27. Bf2 Qe7 28.
Qxh5 Qxe4 29. Qg4 Qxd5 30. Nf4 Nxf4 31. Qxf4 b6 32. Kg1 1-0

[Event "21st Abu Dhabi Masters 2014"]
[Site "Abu Dhabi UAE"]
[Date "2014.08.28"]
[Round "9.18"]
[White "Grover, Sahaj"]
[Black "Dimakiling, Oliver"]
[Result "1/2-1/2"]
[WhiteTitle "GM"]
[BlackTitle "IM"]
[WhiteElo "2492"]
[BlackElo "2371"]
[WhiteFideId "5021103"]
[BlackFideId "5202248"]
[EventDate "2014.08.20"]

1. e4 d5 2. exd5 Qxd5 3. Nc3 Qd8 4. d4 Nf6 5. Nf3 e6 6. Bg5 Be7 7. Bxf6 Bxf6 8.
Ne4 Be7 9. Ne5 Nd7 10. Bd3 Nxe5 11. dxe5 Qd5 12. f4 Bd7 13. Qg4 O-O-O 14. a3 f5
15. exf6 gxf6 16. Qe2 f5 17. Nc3 Bh4+ 18. Kd2 Qd6 19. Qe3 c5 20. Kc1 Bf6 21. Rf1
Kb8 22. Kb1 Rhe8 23. Ka2 Bd4 24. Qh3 Bc6 25. Bc4 Bxc3 26. Qxc3 Bxg2 27. Rad1
Bxf1 28. Rxd6 Bxc4+ 29. Qxc4 Rxd6 30. Qxc5 Rd5 31. Qe3 e5 32. Qb3 Rd7 33. fxe5
Rxe5 34. Qg8+ Kc7 35. Qf8 b5 36. Qf6 Red5 37. Kb3 Kb7 38. a4 bxa4+ 39. Kxa4 Rc7
40. b4 Rd2 41. Qxf5 Rdxc2 42. Qe4+ Kb8 43. Qe8+ Kb7 44. Qe4+ 1/2-1/2

[Event "21st Abu Dhabi Masters 2014"]
[Site "Abu Dhabi UAE"]
[Date "2014.08.28"]
[Round "9.19"]
[White "Primbetov, Kazbek"]
[Black "Bajarani, Ulvi"]
[Result "0-1"]
[BlackTitle "GM"]
[WhiteElo "2256"]
[BlackElo "2483"]
[WhiteFideId "13702297"]
[BlackFideId "13403028"]
[EventDate "2014.08.20"]

1. e4 e6 2. d3 d5 3. Nd2 c5 4. g3 Nc6 5. Bg2 g6 6. Ngf3 Bg7 7. O-O Nge7 8. Re1
O-O 9. c3 Qc7 10. Qe2 h6 11. Nb3 b6 12. d4 dxe4 13. Qxe4 cxd4 14. Bf4 Qd7 15.
Nbxd4 Bb7 16. Ne5 Bxe5 17. Nxc6 Bxf4 18. Nxe7+ Qxe7 19. Qxb7 Qxb7 20. Bxb7 Rab8
21. Ba6 Bd6 22. a4 Rfd8 23. Rad1 Kf8 24. Kf1 Ke7 25. Ke2 g5 26. Rd3 Bc5 27. Red1
Rxd3 28. Rxd3 f5 29. b4 Bd6 30. Rd2 Rd8 31. Kd1 Rd7 32. Kc2 Rc7 33. Kb3 Be5 34.
Bc4 g4 35. Re2 Kf6 36. Re3 h5 37. h3 Rg7 38. hxg4 hxg4 39. Re2 Rh7 40. Kc2 Rh1
41. Bb3 Rh3 42. Kd2 f4 43. gxf4 Bxf4+ 44. Kd1 Rxc3 45. Bc2 a6 46. b5 axb5 47.
axb5 e5 48. Re4 Rc5 49. Bd3 Kg5 50. Ke2 Kh4 51. Ra4 Rd5 52. Re4 Rd8 53. Ra4 Re8
54. Be4 Rd8 55. Bd3 g3 56. fxg3+ Kxg3 57. Ra7 Bg5 58. Rg7 Kf4 59. Rg6 Rb8 60.
Rc6 Ra8 0-1

[Event "21st Abu Dhabi Masters 2014"]
[Site "Abu Dhabi UAE"]
[Date "2014.08.28"]
[Round "9.20"]
[White "De Ramos, Julius"]
[Black "Lalith, Babu M.R."]
[Result "1/2-1/2"]
[WhiteTitle "FM"]
[BlackTitle "GM"]
[WhiteElo "2342"]
[BlackElo "2565"]
[WhiteFideId "5200628"]
[BlackFideId "5024595"]
[EventDate "2014.08.20"]

1. Nf3 Nf6 2. g3 g6 3. Bg2 Bg7 4. O-O O-O 5. c4 c6 6. d3 d5 7. Nbd2 a5 8. Rb1
Bg4 9. h3 Bxf3 10. Bxf3 Nbd7 11. Qc2 Re8 12. b3 e5 13. Bg2 Qb6 14. a3 Bf8 15.
Bb2 Qd8 16. e3 Ra7 17. Rfd1 h5 18. b4 Nb6 19. Nf3 Nfd7 20. Ba1 axb4 21. axb4 Qe7
22. b5 Rc8 23. bxc6 bxc6 24. Bxe5 Nxe5 25. Nxe5 Qxe5 26. Rxb6 d4 27. exd4 Qxd4
28. Qb2 Qd7 29. d4 Bg7 30. Rb8 c5 31. Rxc8+ Qxc8 32. Qb6 Rd7 33. Bd5 cxd4 34.
Ra1 Kh7 35. Ra8 Qc7 36. Qxc7 Rxc7 37. Ra3 f5 38. h4 Be5 39. Kf1 Kg7 1/2-1/2

[Event "21st Abu Dhabi Masters 2014"]
[Site "Abu Dhabi UAE"]
[Date "2014.08.28"]
[Round "9.21"]
[White "Pourkashiyan, Atousa"]
[Black "Neverov, Valeriy"]
[Result "0-1"]
[WhiteTitle "WGM"]
[BlackTitle "GM"]
[WhiteElo "2352"]
[BlackElo "2498"]
[WhiteFideId "12502014"]
[BlackFideId "14100150"]
[EventDate "2014.08.20"]

1. e4 c5 2. Nf3 d6 3. Bb5+ Nc6 4. O-O Bd7 5. Re1 a6 6. Bf1 Bg4 7. c3 g6 8. d3
Nf6 9. Nbd2 Bg7 10. h3 Bd7 11. d4 cxd4 12. cxd4 O-O 13. d5 Na7 14. a4 b5 15. a5
e5 16. Nb3 Nc8 17. Bd3 Ne8 0-1

[Event "21st Abu Dhabi Masters 2014"]
[Site "Abu Dhabi UAE"]
[Date "2014.08.28"]
[Round "9.22"]
[White "Lorparizangeneh, Shahin"]
[Black "Shyam, Nikil P."]
[Result "0-1"]
[WhiteTitle "FM"]
[BlackTitle "IM"]
[WhiteElo "2277"]
[BlackElo "2469"]
[WhiteFideId "12521604"]
[BlackFideId "5024218"]
[EventDate "2014.08.20"]

1. d4 Nf6 2. c4 e6 3. Nc3 Bb4 4. Qc2 O-O 5. Nf3 c5 6. dxc5 Na6 7. g3 Bxc5 8. Bg2
d5 9. O-O dxc4 10. Ne5 Nb4 11. Qa4 0-1

[Event "21st Abu Dhabi Masters 2014"]
[Site "Abu Dhabi UAE"]
[Date "2014.08.28"]
[Round "9.23"]
[White "Berescu, Alin-Mile"]
[Black "Derakhshani, Dorsa"]
[Result "1-0"]
[WhiteTitle "GM"]
[BlackTitle "WFM"]
[WhiteElo "2458"]
[BlackElo "2169"]
[WhiteFideId "1204920"]
[BlackFideId "12500330"]
[EventDate "2014.08.20"]

1. Nf3 Nf6 2. c4 e6 3. b3 b6 4. g3 Bb7 5. Bg2 c5 6. O-O Be7 7. Bb2 O-O 8. e3 Nc6
9. Nc3 d5 10. cxd5 Nxd5 11. Nxd5 Qxd5 12. d4 Rad8 13. Ne5 Qd6 1-0

[Event "21st Abu Dhabi Masters 2014"]
[Site "Abu Dhabi UAE"]
[Date "2014.08.28"]
[Round "9.24"]
[White "Meszaros, Tamas"]
[Black "Ayyad, Husain"]
[Result "1-0"]
[WhiteTitle "IM"]
[BlackTitle "FM"]
[WhiteElo "2422"]
[BlackElo "2146"]
[WhiteFideId "717410"]
[BlackFideId "11200243"]
[EventDate "2014.08.20"]

1. e4 e5 2. Nf3 Nc6 3. Be2 Nf6 4. d3 d5 5. Nbd2 Bg4 6. c3 dxe4 7. dxe4 Bxf3 8.
Bxf3 Nd7 9. b4 a5 10. b5 Na7 11. a4 Nc5 12. O-O Nc8 13. Nc4 Qxd1 14. Rxd1 f6 15.
Be3 Nd6 16. Nxa5 b6 17. Bxc5 Rxa5 18. Bb4 Ra7 19. a5 Nxb5 20. axb6 cxb6 21. Be2
Rxa1 22. Bxb5+ 1-0

[Event "21st Abu Dhabi Masters 2014"]
[Site "Abu Dhabi UAE"]
[Date "2014.08.28"]
[Round "9.25"]
[White "Asgarizadeh, Ahmad"]
[Black "Gagare, Shardul"]
[Result "0-1"]
[BlackTitle "IM"]
[WhiteElo "2335"]
[BlackElo "2421"]
[WhiteFideId "12505684"]
[BlackFideId "5037883"]
[EventDate "2014.08.20"]

1. e4 c6 2. Nc3 d5 3. Nf3 Bg4 4. h3 Bxf3 5. Qxf3 e6 6. d4 dxe4 7. Nxe4 Qxd4 8.
c3 Qd5 9. Be3 Nd7 10. Rd1 Qf5 11. Qxf5 exf5 12. Ng5 Ngf6 13. Bd3 h6 14. Nf3 g6
15. O-O Bc5 16. Bf4 O-O-O 17. Bc4 g5 18. Be3 Rhf8 19. Bxc5 Nxc5 20. Rxd8+ Kxd8
21. Ne5 Kc7 22. Bxf7 Nfe4 23. Bh5 Na4 24. Nd3 Rd8 25. Rd1 c5 26. c4 Rd4 27. Be2
Nac3 28. bxc3 Nxc3 29. Re1 Nxe2+ 30. Rxe2 Rxd3 31. Re5 Kd6 32. Rxf5 Rd1+ 33. Kh2
Rd4 34. Rf7 b6 35. Rxa7 Rxc4 36. a4 Rb4 37. a5 c4 38. axb6 Rxb6 39. Ra1 c3 40.
Rc1 Rc6 41. Kg3 Kd5 42. f4 Rc4 43. fxg5 hxg5 44. Kf3 Rf4+ 45. Ke3 Kc4 46. Ra1 c2
47. g3 Rf6 48. h4 gxh4 49. gxh4 Kc3 50. Rh1 Kb2 51. Kd2 Rd6+ 52. Ke2 Rd4 0-1

[Event "21st Abu Dhabi Masters 2014"]
[Site "Abu Dhabi UAE"]
[Date "2014.08.28"]
[Round "9.26"]
[White "Sunilduth Lyna, Narayanan"]
[Black "Kaboodi, Behrang"]
[Result "1-0"]
[WhiteElo "2414"]
[BlackElo "2060"]
[WhiteFideId "5058422"]
[BlackFideId "12504955"]
[EventDate "2014.08.20"]

1. d4 d5 2. c4 e6 3. Nf3 c6 4. e3 f5 5. Bd3 Nf6 6. O-O Bd6 7. b3 Ne4 8. Ba3 O-O
9. Qc1 b6 10. Bxd6 Qxd6 11. Qb2 a5 12. Ne5 Nd7 13. f3 Ng5 14. Nxd7 Bxd7 15. Nd2
c5 16. f4 Ne4 17. Nf3 a4 18. Bxe4 dxe4 19. Ne5 cxd4 20. Qxd4 Qxd4 21. exd4 Rfd8
22. Kf2 Be8 23. Ke3 Bh5 24. h3 Ra6 25. b4 a3 26. g4 Be8 27. b5 Ra4 28. Rab1 h5
29. gxf5 exf5 30. h4 Bf7 31. Rfc1 Rc8 32. Rc2 Rc7 33. c5 Bd5 34. c6 g5 35. hxg5
h4 36. Nd7 Rc4 37. Rxc4 Bxc4 38. d5 Bxa2 39. d6 Rc8 40. Ra1 Be6 41. Nxb6 Rb8 42.
d7 1-0

[Event "21st Abu Dhabi Masters 2014"]
[Site "Abu Dhabi UAE"]
[Date "2014.08.28"]
[Round "9.27"]
[White "Kryvoruchko, Vita"]
[Black "Tissir, Mohamed"]
[Result "1/2-1/2"]
[WhiteTitle "WGM"]
[BlackTitle "IM"]
[WhiteElo "2185"]
[BlackElo "2366"]
[WhiteFideId "14108917"]
[BlackFideId "9000240"]
[EventDate "2014.08.20"]

1. e4 c5 2. b4 b6 3. bxc5 bxc5 4. Nc3 g6 5. Bc4 Nc6 6. Rb1 Bg7 7. Nf3 d6 8. O-O
Nh6 9. h3 O-O 10. Re1 Bd7 11. Ne2 Na5 12. Bd5 Rb8 13. Rxb8 Qxb8 14. d3 e6 15.
Bb3 Nxb3 16. axb3 f5 17. Be3 e5 18. Bxh6 Bxh6 19. Nc3 Bc6 20. Qa1 Qb7 21. Qa5 1/2-1/2

[Event "21st Abu Dhabi Masters 2014"]
[Site "Abu Dhabi UAE"]
[Date "2014.08.28"]
[Round "9.28"]
[White "Estremera Panos, Sergio"]
[Black "Al-Halila, Ayman"]
[Result "1-0"]
[WhiteTitle "IM"]
[BlackTitle "IM"]
[WhiteElo "2346"]
[BlackElo "2161"]
[WhiteFideId "2200864"]
[BlackFideId "9400168"]
[EventDate "2014.08.20"]

1. d4 Nf6 2. c4 e6 3. Nc3 Bb4 4. e3 b6 5. Bd3 Bb7 6. Nf3 O-O 7. O-O Bxc3 8. bxc3
Ne4 9. Ne1 f5 10. f3 Nf6 11. a4 a5 12. Nc2 d6 13. Qe2 Qe7 14. e4 fxe4 15. fxe4
e5 16. Bg5 exd4 17. cxd4 Nc6 18. Rf2 Qd7 19. Raf1 Rae8 20. Bxf6 Rxf6 21. Rxf6
gxf6 22. Rxf6 Qg7 23. Qf2 Nb4 24. Nxb4 axb4 25. d5 Rf8 26. e5 Rxf6 27. exf6 Qg5
28. h4 Qe5 29. Bxh7+ Kf7 30. Bg6+ Kf8 31. h5 Qg5 32. f7 1-0